[Event "Dunedin New Year op"]
[Site "Dunedin"]
[Date "1999.??.??"]
[Round "2.5"]
[White "Feenstra, JA."]
[Black "Haase, Graham"]
[Result "0-1"]
[WhiteElo "1933"]
[BlackElo "1800"]
[PlyCount "44"]
[EventDate "1999.01.??"]
[EventType "swiss"]
[EventRounds "6"]
[EventCountry "NZL"]
[SourceTitle "EXT 2003"]
[Source "ChessBase"]
[SourceDate "2002.11.25"]
[SourceVersion "1"]
[SourceVersionDate "2002.11.25"]
[SourceQuality "1"]

1. e4 e5 2. Nf3 Nc6 3. Bc4 Nf6 4. d4 exd4 5. 0-0 Bc5 6. e5 d5 7. exf6 dxc4 8. Re1+ Be6 9. fxg7 Rg8 10. Ng5 Qd5 11. Nc3 Qf5 12. Nce4 Be7 13. g4 Qg6 14. f4 Qxg7 15. f5 h6 16. fxe6 hxg5 17. exf7+ Qxf7 18. Nxg5 Qd5 19. Ne6 Kd7 20. Bf4 Bd6 21. h3 Rae8 22. Bxd6 Qxd6 0-1

[Event "Dunedin New Year op"]
[Site "Dunedin"]
[Date "1999.??.??"]
[Round "6.5"]
[White "Feenstra, JA."]
[Black "Keeling, Roy A"]
[Result "1-0"]
[WhiteElo "1933"]
[BlackElo "1431"]
[PlyCount "47"]
[EventDate "1999.01.??"]
[EventType "swiss"]
[EventRounds "6"]
[EventCountry "NZL"]
[SourceTitle "EXT 2003"]
[Source "ChessBase"]
[SourceDate "2002.11.25"]
[SourceVersion "1"]
[SourceVersionDate "2002.11.25"]
[SourceQuality "1"]

1. d4 e6 2. Nf3 Nf6 3. g3 d5 4. Bg2 c5 5. e3 Nc6 6. 0-0 Be7 7. b3 b6 8. Bb2 0-0 9. c4 Rb8 10. Ne5 Qc7 11. Nc3 Rd8 12. Nb5 Qb7 13. Nxc6 Qxc6 14. Nxa7 Qd7 15. Nxc8 Rdxc8 16. dxc5 dxc4 17. Be5 Qxd1 18. Rfxd1 Bxc5 19. bxc4 Ng4 20. Bxb8 Rxb8 21. a4 Ne5 22. a5 bxa5 23. Rxa5 Rc8 24. Rxc5 1-0

[Event "Dunedin New Year op"]
[Site "Dunedin"]
[Date "1999.??.??"]
[Round "3.8"]
[White "Stone, RG."]
[Black "Feenstra, JA."]
[Result "0-1"]
[WhiteElo "1407"]
[BlackElo "1933"]
[PlyCount "46"]
[EventDate "1999.01.??"]
[EventType "swiss"]
[EventRounds "6"]
[EventCountry "NZL"]
[SourceTitle "EXT 2003"]
[Source "ChessBase"]
[SourceDate "2002.11.25"]
[SourceVersion "1"]
[SourceVersionDate "2002.11.25"]
[SourceQuality "1"]

1. b3 e5 2. Bb2 d6 3. e3 Nf6 4. Nf3 Be7 5. h3 e4 6. Nh2 0-0 7. d3 Bf5 8. Nd2 exd3 9. cxd3 d5 10. Be2 Nbd7 11. 0-0 Bd6 12. Ndf3 h6 13. Qc1 Nc5 14. Rd1 c6 15. Ba3 Qe7 16. Bxc5 Bxc5 17. d4 Ba3 18. Qc3 Bb4 19. Qb2 Ne4 20. a3 Bc3 21. Qc1 Bxa1 22. Qxa1 Rfe8 23. Bd3 Nxf2 0-1